UEFA Europa League Finals - Statistics

General Stats
  • This quiz has been taken 2,319 times
    35 since last reset
  • The average score is 46 of 64
Answer Stats
Teams % Correct
Aston Villa
100%
Manchester United
100%
Sevilla
100%
Chelsea
97%
Inter Milan
97%
Villarreal
97%
Ajax
94%
Arsenal
94%
FC Porto
94%
SC Freiburg
94%
Tottenham Hotspur
94%
Atlético Madrid
91%
Benfica
91%
Borussia Dortmund
91%
FC Bayern Munich
91%
Galatasaray
91%
Juventus
91%
Liverpool
91%
Rangers
91%
AS Roma
88%
Bayer Leverkusen
88%
Real Madrid
88%
Valencia
88%
Atalanta
85%
Celtic
85%
Eintracht Frankfurt
85%
Zenit Saint Petersburg
85%
PSV Eindhoven
82%
Sporting
82%
CSKA Moscow
79%
Marseille
79%
FC Schalke 04
76%
Feyenoord
76%
Napoli
73%
Athletic Bilbao
70%
FC Shakhtar Donetsk
70%
Club Brugge
67%
Hamburger SV
67%
RSC Anderlecht
67%
Braga
64%
Lazio
64%
Werder Bremen
64%
Parma
61%
Red Star Belgrade
61%
Bordeaux
58%
Fulham
58%
Borussia Mönchengladbach
55%
FC Dnipro
55%
Ipswich Town
55%
Middlesbrough
55%
AZ Alkmaar
52%
Fiorentina
52%
VfB Stuttgart
52%
Espanyol
48%
Torino
48%
1. FC Köln
45%
Deportivo Alavés
45%
IFK Göteborg
45%
Salzburg
45%
Wolverhampton Wanderers
42%
Twente Enschede
39%
Dundee United
24%
Fehérvár FC
21%
SC Bastia
21%
No matching quizzes found
Score Distribution
Percent of People with Each Score
Percentile by Number Answered
Your Score History
You have not taken this quiz since the last reset